01217nab a22002417a 4500003000400000005001700004008004100021040000700062100002300069245018500092260007300277300001200350500004500362505020800407505008900615650002900704650002300733650003100756650001500787650001400802650001500816773014400831OSt20251215114011.0190604e xxu||||| |||| 00| 0 spa d cPJ aValazza, Renato A.10aCompensación económica y disolución del matrimonio por muerte. Una propuesta de armonización de las normas contenidas en el Código Civil y Comercial /cRenato A. Valazza. aCiudad Autónoma de Buenos Aires :bThomson Reuters La Ley, c2025. ap. 207- aCita Online: TR LALEY AR/DOC/1388/2025.  aSumario: I. Introducción.— II. El fundamento de la compensación económica.— III. La compensación económica en caso de disolución del vínculo matrimonial por muerte.— IV. Conclusiones. t¿Te interesa el texto completo? Solicitalo al correo: koha@justierradelfuego.gov.ar 0aCODIGO CIVIL Y COMERCIAL 0aDERECHO DE FAMILIA 0aCOMPENSACIÓN ECONÓMICA 0aMATRIMONIO 0aCÓNYUGE 0aMATRIMONIO0 02714dCiudad Autónoma de Buenos Aires : Thomson Reuters La Ley, 2014-tRevista anales de legislación argentina. Nº 11- Noviembre 2025.